| 000 | 00376nam a2200133 4500 | ||
|---|---|---|---|
| 999 |
_c9602 _d9602 |
||
| 003 | OSt | ||
| 005 | 20210705121337.0 | ||
| 008 | 210705b ||||| |||| 00| 0 eng d | ||
| 020 | _a9781568988894 | ||
| 082 |
_a720.285 _bCOR |
||
| 100 | _a Corser, Robert; Corser, Robert | ||
| 245 | _a Fabricating architecture : selected readings in digital design and manufacturing | ||
| 942 | _2ddc | ||